000 00610nam a2200241 a 4500
001 nice12345678
003 IN_TiNIC
005 20260116013144.0
008 050524s1986 newa grp 000 0 eng
020 _a0862322
_c100
082 0 0 _a306.0899145
_bJOS
100 _aJoshi, Barbara R
245 _aUntouchable! Voices of the Dalit Liberation Movement
260 _aNew Jersey
_bZed Books
_c1986
300 _a166p
500 _aincludes index and biblioraphy
505 2 _aIndex
650 _aCaste-India
700 1 _aJoshi, Barbara R
902 _bSRS
942 _cBK
999 _c9895
_d9895